| 000 | 01912cad a22002655a 4500 | ||
|---|---|---|---|
| 001 | L158942 | ||
| 008 | 101207s2015 xxk 000 0 eng u | ||
| 035 | _a(Sirsi) u158942 | ||
| 041 | 0 | _aeng | |
| 050 | 0 | 4 | _a333.337 |
| 110 | 2 | _aCBRE | |
| 245 | 0 | 5 |
_aEMEA investor intentions survey 2015 _h[electronic resource] |
| 260 |
_a[S.l.] _bCBRE _c2015 |
||
| 520 | _aSurvey compiled from responses of the EMEA property investment community. Comparisons with previous years suggest that 2015 will be another strong year for investment activity, with some owners also taking advantage of the strong market to sell as well as buy. Not surprisingly, given the level of interest in real estate and the capital value growth that has been seen in recent years, access to competitively priced stock is the biggest problem for investors in today?s market. Nearly all (91%) of investors cited one of ?Availability of Assets?, ?Asset Pricing? or ?Competition from Other Investors' as the biggest obstacle to acquiring assets in the EMEA region. In contrast factors such as 'Availability/Cost of Debt', which were huge issues just a few years ago (nearly 30% in the 2012 survey) have disappeared from investors' lists of concerns. Search for yield also continues to drive investors up the risk curve. 40% of investors said that they would be looking to take more risk in 2015 than in 2014, compared to just 9% who said that their appetite for risk was lower than last year. | ||
| 521 | _aAdvanced | ||
| 590 | _aKA | ||
| 650 | 2 | 4 | _aPROPERTY INVESTMENT |
| 650 | 2 | 4 | _aINVESTORS |
| 650 | 2 | 4 | _aPROPERTY-COMMERCIAL PROPERTY-COMMERCIAL PROPERTY MARKET |
| 650 | 2 | 4 | _aPROPERTY-INVESTMENT PROPERTY |
| 651 | 4 | _aEurope | |
| 690 |
_aInvestments _96250 |
||
| 856 | 4 | 1 |
_uhttps://www.cbre.com/research-and-reports/emea-investor-intentions-survey-2015 _zView the items free of charge (free registration) at www.cbre.com... |
| 942 | _n0 | ||
| 999 |
_c115596 _d115596 |
||